APEC Schools

Salawikain, kawikaan at bugtong sa Pilipinas (Record no. 6913)

000 -LEADER
fixed length control field nam a22 7a 4500
005 - DATE AND TIME OF LATEST TRANSACTION
control field 20190121011304.0
008 - FIXED-LENGTH DATA ELEMENTS--GENERAL INFORMATION
fixed length control field 190121b xxu||||| |||| 00| 0 eng d
020 ## - IDENTIFIER FOR THE MANIFESTATION
Identifier for the Manifestation 9789712734328
Binding paperback
040 ## - CATALOGING SOURCE
Language of Cataloging eng
Transcribing Agency APEC Schools Library
Description Conventions rda
082 ## - DEWEY DECIMAL CLASSIFICATION NUMBER
Classification number F 389.9
Author's Number B41s 2013
100 ## - CREATOR
Preferred Name of the Person Belvez, Paz M.
245 ## - TITLE AND STATEMENT OF RESPONSIBILITY
Preferred Title Proper Salawikain, kawikaan at bugtong sa Pilipinas
Statement of Responsibility/Parallel Statement of Responsibility Paz M. Belvez
250 ## - EDITION STATEMENT
Designation of Edition/Designation of a Named Revision of an Edition Bagong edisyon
264 ## - PUBLICATION STATEMENT
Place of publication, distribution, etc Mandaluyong City :
Publisher's Name/Parallel Publisher's Name Anvil Publishing, Inc.,
Copyright ©2013.
Date of Publication 2013.
300 ## - PHYSICAL DESCRIPTION
Extent v, 110 pages ;
Dimensions 15 cm.
336 ## - RDA CONTENT
Source rdacontent
Content Type text
337 ## - RDA MEDIA
Source rdamedia
Media Type unmediated
338 ## - RDA CARRIER
Source rdacarrier
Carrier Type volume
650 ## - ADDED SUBJECT ACCESS POINT - TOPICAL TERM
Topical Term Proverbs
Preferred Name for the Place Philippines
942 ## - ADDED ENTRY ELEMENTS (KOHA)
Source of Classification
Koha Item Type Books
Holdings
Library Site Location Shelving Location Source of Acquisition Full Classification Number Accession Number Koha Item Type
APEC Calumpang Library APEC Calumpang Library Filipiniana Institutional Fund F 389.9 B41s 2013 B10-0000241 Non Fiction
APEC Dasmarinas Library APEC Dasmarinas Library Filipiniana Institutional Fund F 389.9 B41s 2013 B03-0000234 Non Fiction
APEC Grace Park West Library APEC Grace Park West Library Filipiniana Institutional Fund F 389.9 B41s 2013 A09-0000219 Non Fiction
APEC JRU Lipa Library APEC JRU Lipa Library Filipiniana Institutional Fund F 389.9 B41s 2013 B12-0000237 Non Fiction
APEC Marikina Heights Library APEC Marikina Heights Library Filipiniana Institutional Fund F 389.9 B41s 2013 A08-0000158 Non Fiction
APEC Roxas Boulevard Library APEC Roxas Boulevard Library Filipiniana Institutional Fund F 389.9 B41s 2013 B06-0000201 Non Fiction
APEC Silangan, Pateros Library APEC Silangan, Pateros Library Filipiniana Institutional Fund F 389.9 B41s 2013 B07-0000216 Non Fiction
APEC Sta. Rita Library APEC Sta. Rita Library Filipiniana Institutional Fund F 389.9 B41s 2013 B02-0000122 Non Fiction
APEC Tondo Library APEC Tondo Library Filipiniana Institutional Fund F 389.9 B41s 2013 A10-0000120 Non Fiction

Powered by Koha